| 000 | 01017cam a2200301 a 4500 | ||
|---|---|---|---|
| 001 | 3551 | ||
| 005 | 20260326080555.0 | ||
| 020 | _a9780061244087 (trade bdg.) | ||
| 020 | _a9780545279871 | ||
| 040 |
_aDLC _cDLC _dDLC _beng |
||
| 050 | 0 | 0 |
_aPZ7.K12774 _b 2009 |
| 082 | 0 | 0 | _a813.6 |
| 100 | 1 | _aKann, Victoria | |
| 245 | 1 | 0 |
_aGoldilicious / _cwritten & illustrated by Victoria Kann |
| 250 | _aFirst Scholastic printing , September 2010 | ||
| 260 |
_aNew York : _bScholastic , _c2009 |
||
| 300 |
_a39 unnumbered pages : _bcolor illustrations ; _c26 cm. |
||
| 490 | _a Pinkalicious (3) | ||
| 505 | _aP | ||
| 520 | _aA little girl and her brother play with her imaginary gold-horned unicorn that can float on water, fly, and turn herself into a fairy princess. | ||
| 521 | 1 |
_a640
_bLexile AD |
|
| 521 | 1 |
_aP
_bRaz-Plus |
|
| 650 | 1 |
_aUnicorns _vFiction |
|
| 650 | 1 |
_aSiblings _vFiction |
|
| 650 | 1 |
_aImagination _vFiction |
|
| 906 |
_a7 _bcbc _corignew _d1 _eecip _f20 _gy-gencatlg |
||
| 942 |
_2ddc _cBK _n0 |
||
| 999 |
_c3551 _d3551 |
||